[Event "4NCL/Div1/SLO1-GUI1"]
[Site "Birmingham ENG"]
[Date "2002.??.??"]
[Round "7.1"]
[White "Wells, Peter K"]
[Black "Kosten, Anthony C"]
[Result "0-1"]
[WhiteElo "2517"]
[BlackElo "2533"]
[PlyCount "70"]
[EventDate "2002.??.??"]

1. Nf3 c5 2. c4 Nc6 3. Nc3 e5 4. e3 Nf6 5. a3 Be7 6. Qc2 d6 7. b3 O-O 8. Bb2
Ne8 9. O-O-O f5 10. d4 cxd4 11. exd4 e4 12. Ng1 Nc7 13. d5 Ne5 14. f4 Ng4 15.
Re1 Bd7 16. h3 Nh6 17. g4 fxg4 18. hxg4 Rxf4 19. Nxe4 Rxg4 20. Bd3 Bf5 21. Kb1
Bh4 22. Nf6+ Bxf6 23. Bxf5 Nxf5 24. Qxf5 Rg6 25. Rxh7 Kxh7 26. Nf3 Bxb2 27.
Rh1+ Kg8 28. Qxg6 Bf6 29. Qh7+ Kf8 30. Qh8+ Ke7 31. Qh7 Ne8 32. Qf5 Qd7 33.
Re1+ Kd8 34. Re6 Nc7 35. Ng5 Nxe6 0-1

[Event "4NCL/Div1/SLO1-GUI1"]
[Site "Birmingham ENG"]
[Date "2002.??.??"]
[Round "7.2"]
[White "Rowson, Jonathan"]
[Black "Houska, Jovanka"]
[Result "1/2-1/2"]
[WhiteElo "2512"]
[BlackElo "2380"]
[PlyCount "84"]
[EventDate "2002.??.??"]

1. e4 c6 2. d4 d5 3. exd5 cxd5 4. c4 Nf6 5. Nc3 e6 6. Nf3 Bb4 7. Bd3 Nc6 8. O-O
dxc4 9. Bxc4 O-O 10. Bg5 b6 11. Rc1 Bb7 12. a3 Be7 13. Re1 Rc8 14. Ba2 Nd5 15.
h4 Nxc3 16. Rxc3 h6 17. Bf4 Bf6 18. Rd3 Ne7 19. h5 Nd5 20. Bg3 Bg5 21. Qa4 Bc6
22. Qb3 Nf4 23. Bxf4 Bxf4 24. d5 Bxd5 25. Qa4 Bb8 26. Bxd5 exd5 27. Red1 Qf6
28. Qd4 Qxd4 29. Nxd4 Be5 30. Nf5 Rc7 31. b4 {(=)} 31... Rd8 32. Ne3 d4 33. Ng4
Rd5 34. g3 Bf6 35. Nxf6+ gxf6 36. Rxd4 Rxh5 37. Rd7 Rxd7 38. Rxd7 a5 39. Rd6
axb4 40. axb4 Rb5 41. Rxf6 Rxb4 42. Rxh6 Kg7 1/2-1/2

[Event "4NCL/Div1/SLO1-GUI1"]
[Site "Birmingham ENG"]
[Date "2002.??.??"]
[Round "7.3"]
[White "McNab, Colin A"]
[Black "Plaskett, Jim"]
[Result "0-1"]
[WhiteElo "2425"]
[BlackElo "2474"]
[PlyCount "73"]
[EventDate "2002.??.??"]

1. Nf3 c5 2. c4 b6 3. g3 Bb7 4. Bg2 Nf6 5. d3 e6 6. e4 d6 7. Nc3 Be7 8. O-O a6
9. b3 O-O 10. Bb2 Re8 11. Re1 Nc6 12. d4 cxd4 13. Nxd4 Rc8 14. Rc1 Qd7 15. Nc2
Ba8 16. Ne3 Qb7 17. a4 Nd7 18. Ba3 Red8 19. Re2 Qb8 20. Rd2 Nf6 21. Kh1 Bf8 22.
Bb2 Na7 23. Qe2 Bc6 24. Rcd1 Nd7 25. b4 b5 26. axb5 axb5 27. Ra1 Ne5 28. Nxb5
Nxb5 29. Bxe5 dxe5 30. Rxd8 Rxd8 31. cxb5 Bxb5 32. Qb2 Rd4 33. Nc2 Rd2 34. Qc3
Rxf2 35. Ra5 Be8 36. h4 Qd8 37. Rxe5 0-1

[Event "4NCL/Div1/SLO1-GUI1"]
[Site "Birmingham ENG"]
[Date "2002.??.??"]
[Round "7.4"]
[White "Gormally, Daniel W"]
[Black "Wohl, Aleksandar H"]
[Result "1-0"]
[WhiteElo "2506"]
[BlackElo "2395"]
[PlyCount "113"]
[EventDate "2002.??.??"]

1. e4 Nf6 2. e5 Nd5 3. d4 d6 4. Nf3 g6 5. Bc4 c6 6. Nc3 Bg7 7. exd6 Qxd6 8. O-O
O-O 9. Ne4 Qb4 10. Bb3 Bg4 11. c3 Qb6 12. Ned2 Nd7 13. h3 Bxf3 14. Nxf3 a5 15.
Re1 e6 16. c4 N5f6 17. Be3 Qa6 18. a4 b5 19. Ne5 bxc4 20. Bxc4 Qb7 21. Ra3 Nxe5
22. dxe5 Nd5 23. Bc5 Rfd8 24. Rb3 Nb4 25. Qe2 Bf8 26. Be3 Qc7 27. Bg5 Rd4 28.
Rf3 Bg7 29. b3 h6 30. Bd2 Rad8 31. Bc3 R4d7 32. Bxb4 axb4 33. g3 Rd2 34. Qe3
Rd1 35. Rxd1 Rxd1+ 36. Kg2 Qxe5 37. Qxe5 Bxe5 38. Rd3 Ra1 39. f4 Bc7 40. Rd7
Bb6 41. g4 Ra2+ 42. Kg3 Rc2 43. f5 Rc3+ 44. Kf4 Rxh3 45. fxe6 fxe6 46. Ke5 Kf8
47. Kxe6 Rf3 48. Rb7 Bc5 49. a5 h5 50. gxh5 gxh5 51. Rh7 Re3+ 52. Kd7 Rf3 53.
Kxc6 Rf5 54. Rf7+ Rxf7 55. Bxf7 Be3 56. Bxh5 Ke7 57. a6 1-0

[Event "4NCL/Div1/SLO1-GUI1"]
[Site "Birmingham ENG"]
[Date "2002.??.??"]
[Round "7.5"]
[White "Thiruchelvam, Thirumurugan"]
[Black "Matros, Alexander"]
[Result "0-1"]
[WhiteElo "2269"]
[BlackElo "2455"]
[PlyCount "74"]
[EventDate "2002.??.??"]

1. e4 c5 2. Nf3 Nc6 3. Bc4 e6 4. O-O a6 5. Re1 b5 6. Bf1 Nge7 7. a4 b4 8. b3 e5
9. Bc4 Ng6 10. d3 Be7 11. Bd5 Qc7 12. Nbd2 O-O 13. Nc4 d6 14. Ne3 Be6 15. Bxc6
Qxc6 16. Nf5 Rae8 17. g3 Bd8 18. h4 Ne7 19. g4 Kh8 20. Ng5 Bc8 21. h5 f6 22.
Nh3 g6 23. hxg6 hxg6 24. Ng3 Kg7 25. f3 Rh8 26. Kg2 f5 27. Nf2 f4 28. Ne2 Ng8
29. Bb2 Bh4 30. Rh1 Nf6 31. Ng1 Bxf2 32. Rxh8 Rxh8 33. Kxf2 Rh2+ 34. Kf1 Qe8
35. Bc1 Be6 36. Rb1 Qc8 37. Rb2 Nxg4 0-1

[Event "4NCL/Div1/SLO1-GUI1"]
[Site "Birmingham ENG"]
[Date "2002.??.??"]
[Round "7.5"]
[White "Kinsman, Andrew PH"]
[Black "Howell, David WL"]
[Result "1/2-1/2"]
[WhiteElo "2401"]
[BlackElo "2237"]
[PlyCount "37"]
[EventDate "2002.??.??"]

1. d4 Nf6 2. c4 g6 3. Nf3 Bg7 4. g3 O-O 5. Bg2 d6 6. O-O Nc6 7. Nc3 Rb8 8. Bd2
e5 9. d5 Nd4 10. Nxd4 exd4 11. Nb5 a6 12. Nxd4 Nxd5 13. cxd5 Bxd4 14. Qc2 Qf6
15. Qxc7 Bg4 16. Qc4 Rbc8 17. Qd3 Bxb2 18. Rab1 b5 19. h3 1/2-1/2

[Event "4NCL/Div1/SLO1-GUI1"]
[Site "Birmingham ENG"]
[Date "2002.??.??"]
[Round "7.7"]
[White "Deveraux, Maxim"]
[Black "Povah, Nigel E"]
[Result "1-0"]
[WhiteElo "2282"]
[BlackElo "2351"]
[PlyCount "87"]
[EventDate "2002.??.??"]

1. Nf3 Nf6 2. d4 e6 3. c4 c5 4. Nc3 cxd4 5. Nxd4 Bb4 6. Ndb5 O-O 7. Bf4 Ne4 8.
Qd3 Nxc3 9. bxc3 Qf6 10. Qg3 a6 11. Be5 Qg6 12. Qxg6 fxg6 13. cxb4 axb5 14.
cxb5 d5 15. Bxb8 Rxb8 16. e3 e5 17. Bd3 Bd7 18. f3 Ra8 19. a4 b6 20. Kd2 Rfc8
21. Rhc1 Rxc1 22. Kxc1 Kf7 23. Kb2 Ke7 24. Ra3 Kd6 25. a5 Rb8 26. f4 exf4 27.
exf4 bxa5 28. bxa5 Bxb5 29. Rb3 Kc5 30. Bxb5 Rxb5 31. Rxb5+ Kxb5 32. Kc3 Kxa5
33. Kd4 Kb4 34. g3 h5 35. Kxd5 Kc3 36. Ke6 Kd4 37. Kf7 h4 38. Kxg6 Ke3 39. Kxg7
h3 40. f5 Kf3 41. f6 Kg2 42. f7 Kxh2 43. f8=Q Kxg3 44. Qf1 1-0

[Event "4NCL/Div1/SLO1-GUI1"]
[Site "Birmingham ENG"]
[Date "2002.??.??"]
[Round "7.8"]
[White "Yurenok, Maria S"]
[Black "Houska, Miroslav"]
[Result "0-1"]
[WhiteElo "2098"]
[BlackElo "2300"]
[PlyCount "52"]
[EventDate "2002.??.??"]

1. d4 c6 2. c4 d6 3. Nf3 Bg4 4. Nc3 Nd7 5. h3 Bxf3 6. exf3 g6 7. Be3 Bg7 8. Qd2
e6 9. h4 h5 10. Ne4 Ndf6 11. Be2 d5 12. Nxf6+ Bxf6 13. g3 dxc4 14. Bxc4 Ne7 15.
Rd1 Nf5 16. Kf1 Qd6 17. Bg5 Bxg5 18. Qxg5 Rd8 19. Qf6 O-O 20. g4 Qf4 21. gxf5
Qxf3 22. Bxe6 Qxh1+ 23. Ke2 Qe4+ 24. Kf1 Qg4 25. Re1 fxe6 26. Qxe6+ Rf7 0-1

[Event "4NCL/Div1/TWR-MM"]
[Site "Birmingham ENG"]
[Date "2002.??.??"]
[Round "7.1"]
[White "Arkell, Keith C"]
[Black "Williams, Simon K"]
[Result "1-0"]
[WhiteElo "2463"]
[BlackElo "2375"]
[PlyCount "59"]
[EventDate "2002.??.??"]

1. d4 e6 2. Nf3 f5 3. g3 Nf6 4. Bg2 Be7 5. O-O O-O 6. Nbd2 Nc6 7. a3 a5 8. b3
Qe8 9. Bb2 Qh5 10. e3 d6 11. Ne1 Qh6 12. Nd3 e5 13. dxe5 dxe5 14. Nxe5 Nxe5 15.
Bxe5 Rd8 16. Bxf6 Bxf6 17. Ra2 Bc3 18. Qe2 Be6 19. Nb1 Qf6 20. Bxb7 Rab8 21.
Ba6 a4 22. Bc4 axb3 23. cxb3 Rxb3 24. Bxb3 Bxb3 25. Nxc3 Qxc3 26. Qb2 Qd3 27.
Raa1 f4 28. Rab1 Ba4 29. exf4 Qf3 30. Rfc1 1-0

[Event "4NCL/Div1/TWR-MM"]
[Site "Birmingham ENG"]
[Date "2002.??.??"]
[Round "7.2"]
[White "Pert, Nicholas"]
[Black "Kirsanov, Oleg"]
[Result "1-0"]
[WhiteElo "2451"]
[BlackElo "2353"]
[PlyCount "81"]
[EventDate "2002.??.??"]

1. d4 d5 2. c4 c6 3. Nf3 Nf6 4. e3 e6 5. Nbd2 Nbd7 6. Bd3 Bd6 7. O-O O-O 8. e4
dxe4 9. Nxe4 Nxe4 10. Bxe4 h6 11. Bc2 Re8 12. Re1 b6 13. Qd3 Nf8 14. b3 Bb7 15.
Bb2 Qc7 16. Rad1 Rad8 17. Qc3 Be7 18. Ne5 Bd6 19. Ng4 f6 20. c5 Bf4 21. h3 h5
22. Ne3 b5 23. Nf1 Qf7 24. Qf3 Bb8 25. Bc1 a6 26. b4 Kh8 27. Bf4 Bxf4 28. Qxf4
Rd5 29. Bb3 Rd7 30. Ng3 Red8 31. Nf5 g5 32. Qf3 Kh7 33. Re3 Kh8 34. Rde1 Bc8
35. Qxc6 Bb7 36. Qb6 Bd5 37. Nd6 Rxd6 38. cxd6 Qd7 39. Bxd5 exd5 40. Qxa6 Ng6
41. Qb6 1-0

[Event "4NCL/Div1/TWR-MM"]
[Site "Birmingham ENG"]
[Date "2002.??.??"]
[Round "7.3"]
[White "Gayson, Peter M"]
[Black "Ledger, Andrew J"]
[Result "0-1"]
[WhiteElo "2281"]
[BlackElo "2399"]
[PlyCount "54"]
[EventDate "2002.??.??"]

1. e4 e6 2. d4 d5 3. Nd2 c5 4. Ngf3 cxd4 5. exd5 Qxd5 6. Bc4 Qd6 7. O-O Nf6 8.
Nb3 Nc6 9. Nbxd4 Nxd4 10. Nxd4 a6 11. a4 Bd7 12. Be3 Qc7 13. b3 Bd6 14. h3 O-O
15. Qe2 e5 16. Nf3 Bc6 17. a5 Qe7 18. Rfd1 Bc7 19. Bc1 Rfd8 20. Ba3 Rxd1+ 21.
Qxd1 Qe8 22. Qe2 e4 23. Nd4 Qe5 24. Qd1 Rd8 25. c3 Qh2+ 26. Kf1 e3 27. f3 Nh5
0-1

[Event "4NCL/Div1/TWR-MM"]
[Site "Birmingham ENG"]
[Date "2002.??.??"]
[Round "7.4"]
[White "Pert, Richard G"]
[Black "Buckley, Simon T"]
[Result "1/2-1/2"]
[WhiteElo "2302"]
[BlackElo "2249"]
[PlyCount "80"]
[EventDate "2002.??.??"]

1. e4 c5 2. Nf3 Nc6 3. Nc3 g6 4. d4 cxd4 5. Nxd4 Bg7 6. Be3 Nf6 7. Bc4 d6 8. f3
O-O 9. Qd2 Bd7 10. Bb3 Ne5 11. O-O-O b5 12. Ndxb5 Qb8 13. Nd4 a5 14. a4 Rc8 15.
Ndb5 Nc4 16. Bxc4 Rxc4 17. b3 Rb4 18. Bd4 Qc8 19. Qd3 Qb7 20. g4 Rc8 21. Kb1
Be8 22. Ka2 Nd7 23. Bxg7 Nc5 24. Qd2 Kxg7 25. Nd5 Bxb5 26. Nxb4 Bxa4 27. bxa4
axb4 28. Rb1 Rb8 29. Kb2 Nxa4+ 30. Kc1 Nc3 31. Ra1 Ra8 32. Rxa8 Qxa8 33. Qd4+
e5 34. Qxd6 Qa1+ 35. Kd2 Qxh1 36. Qxe5+ Kg8 37. Qe8+ Kg7 38. Qe5+ Kg8 39. Qe8+
Kg7 40. Qe5+ Kg8 1/2-1/2

[Event "4NCL/Div1/TWR-MM"]
[Site "Birmingham ENG"]
[Date "2002.??.??"]
[Round "7.5"]
[White "Barrett, Steve J"]
[Black "Eames, Robert G"]
[Result "0-1"]
[WhiteElo "2199"]
[BlackElo "2327"]
[PlyCount "104"]
[EventDate "2002.??.??"]

1. d4 Nf6 2. c4 c5 3. d5 b5 4. cxb5 a6 5. bxa6 g6 6. Nc3 Bxa6 7. e4 Bxf1 8.
Kxf1 d6 9. Nf3 Nbd7 10. g3 Bg7 11. Kg2 O-O 12. Re1 Ra6 13. Re2 Qa8 14. Bf4 h6
15. h3 g5 16. Be3 e6 17. Qd3 exd5 18. exd5 Nb6 19. Rd1 Na4 20. Nxa4 Rxa4 21. a3
Rb8 22. Qf5 Rb5 23. h4 g4 24. Nh2 Re4 25. Bxh6 Rxe2 26. Bxg7 Rbxb2 27. Bxf6
Rxf2+ 28. Qxf2 Rxf2+ 29. Kxf2 Qxa3 30. Re1 Kh7 31. h5 Kh6 32. Nxg4+ Kxh5 33.
Ne3 Kg6 34. Ba1 Qa2+ 35. Kf3 Qd2 36. Rd1 Qh2 37. Bc3 Qh5+ 38. Kf2 Qh2+ 39. Ng2
Kf5 40. Rd3 Ke4 41. Rd1 f5 42. Bf6 f4 43. gxf4 Qh5 44. Rd2 Qf3+ 45. Kg1 Qb3 46.
Bg7 c4 47. Rd4+ Kf3 48. Nh4+ Kg3 49. Nf5+ Kg4 50. Nxd6 Qe3+ 51. Kh2 Qf2+ 52.
Kh1 Kh3 0-1

[Event "4NCL/Div1/TWR-MM"]
[Site "Birmingham ENG"]
[Date "2002.??.??"]
[Round "7.6"]
[White "Ledger, David J"]
[Black "Burnett, James"]
[Result "1-0"]
[WhiteElo "2298"]
[BlackElo "2218"]
[PlyCount "55"]
[EventDate "2002.??.??"]

1. e4 d5 2. exd5 Qxd5 3. Nc3 Qa5 4. Bc4 Nf6 5. h3 c6 6. Nf3 Bf5 7. O-O e6 8.
Qe2 Bb4 9. d3 O-O 10. Ne4 Nbd7 11. Bf4 Nxe4 12. dxe4 Bg6 13. a3 Be7 14. e5 Qc7
15. g4 b5 16. Ba2 a6 17. h4 h5 18. Ng5 Bxg5 19. hxg5 hxg4 20. Qxg4 Rfe8 21. Kg2
Kf8 22. c4 Ke7 23. Bg3 c5 24. Rfd1 Rad8 25. Qf4 Nb8 26. Rd6 Nc6 27. Rh1 Qb7 28.
Qf6+ 1-0

[Event "4NCL/Div1/TWR-MM"]
[Site "Birmingham ENG"]
[Date "2002.??.??"]
[Round "7.7"]
[White "Gourlay, Iain"]
[Black "Naylor, John"]
[Result "0-1"]
[WhiteElo "2183"]
[BlackElo "2229"]
[PlyCount "88"]
[EventDate "2002.??.??"]

1. Nf3 f5 2. g3 Nf6 3. Bg2 g6 4. O-O Bg7 5. c4 d6 6. d4 O-O 7. Nc3 Nc6 8. d5
Ne5 9. Nxe5 dxe5 10. Qb3 h6 11. Rd1 a6 12. c5 Kh8 13. Bd2 g5 14. Na4 f4 15. Ba5
Ng4 16. h3 fxg3 17. hxg4 gxf2+ 18. Kf1 Bxg4 19. Qg3 Rf4 20. d6 exd6 21. cxd6 b6
22. dxc7 Qxc7 23. Nxb6 Raf8 24. Rac1 Qf7 25. Nd5 Bxe2+ 26. Kxe2 Qh5+ 27. Kf1
Rg4 28. Bf3 Rxg3 29. Bxh5 g4 30. Bb6 Rg1+ 31. Ke2 Rg2 32. Rf1 g3 33. Bf3 Rh2
34. Nc3 h5 35. Rh1 f1=Q+ 36. Kxf1 Rxh1+ 37. Kg2 Rxc1 38. Kxg3 Rb8 39. Nd5 Rc2
40. Bxh5 Rxb2 41. Be3 Rxa2 42. Kg4 a5 43. Kf5 a4 44. Kg6 Rg2+ 0-1

[Event "4NCL/Div1/TWR-MM"]
[Site "Birmingham ENG"]
[Date "2002.??.??"]
[Round "7.8"]
[White "Tidman, Sophie"]
[Black "Keeling, Karen"]
[Result "1-0"]
[WhiteElo "2119"]
[BlackElo "2048"]
[PlyCount "55"]
[EventDate "2002.??.??"]

1. e4 c6 2. d4 d5 3. e5 c5 4. dxc5 Nc6 5. Bb5 e6 6. Be3 Bd7 7. Bxc6 Bxc6 8. Nf3
Ne7 9. Nd4 Qc7 10. f4 g6 11. c3 h5 12. Na3 a6 13. b4 Nf5 14. Nxf5 gxf5 15. Bd4
h4 16. Rf1 Qd7 17. Qe2 Be7 18. O-O-O b5 19. cxb6 a5 20. Qb2 axb4 21. cxb4 Qb7
22. Rf3 Ba4 23. Rg1 Bd8 24. Qf2 Rc8+ 25. Kb1 Rb8 26. Rc3 Kd7 27. Rgc1 Rg8 28.
Rc7+ 1-0

[Event "4NCL/Div1/BARB1-WES"]
[Site "Birmingham ENG"]
[Date "2002.??.??"]
[Round "7.1"]
[White "Parker, Jonathan"]
[Black "Webb, Richard M"]
[Result "1/2-1/2"]
[WhiteElo "2532"]
[BlackElo "2361"]
[PlyCount "32"]
[EventDate "2002.??.??"]

1. d4 Nf6 2. c4 g6 3. Nc3 d5 4. h4 c6 5. cxd5 cxd5 6. Bg5 Bg7 7. e3 Nc6 8. Bd3
O-O 9. Nge2 e5 10. dxe5 Nxe5 11. Bc2 Be6 12. Nd4 Rc8 13. Rb1 a6 14. Qe2 b5 15.
Nxe6 fxe6 16. O-O Qc7 1/2-1/2

[Event "4NCL/Div1/BARB1-WES"]
[Site "Birmingham ENG"]
[Date "2002.??.??"]
[Round "7.2"]
[White "Rossiter, Philip J"]
[Black "Webster, Andrew"]
[Result "0-1"]
[WhiteElo "2380"]
[BlackElo "2413"]
[PlyCount "74"]
[EventDate "2002.??.??"]

1. e4 g6 2. d4 Bg7 3. Nc3 c6 4. Nf3 d6 5. Be3 b5 6. Qd2 Nd7 7. Bd3 Qc7 8. a4 b4
9. Ne2 a5 10. c3 Ngf6 11. O-O O-O 12. Bh6 c5 13. Ng3 Ba6 14. Bxg7 Kxg7 15. Bxa6
Rxa6 16. Qg5 e6 17. e5 Ng8 18. exd6 Rxd6 19. cxb4 Rd5 20. Qe3 cxb4 21. Rac1 Qa7
22. Rc2 Ne7 23. Rfc1 Rb8 24. Qf4 h6 25. h4 b3 26. Rc7 Rb7 27. Rxb7 Qxb7 28. Rc7
Qb4 29. Ne2 Qxa4 30. Nc3 Qa1+ 31. Kh2 Qxb2 32. Nxd5 Nxd5 33. Qd6 Nxc7 34. Ne5
Nxe5 35. Qxe5+ Kg8 36. Qxc7 Qxf2 37. Qb8+ Kg7 0-1

[Event "4NCL/Div1/BARB1-WES"]
[Site "Birmingham ENG"]
[Date "2002.??.??"]
[Round "7.3"]
[White "Knott, Simon"]
[Black "Poulton, James R"]
[Result "1-0"]
[WhiteElo "2383"]
[BlackElo "2409"]
[PlyCount "75"]
[EventDate "2002.??.??"]

1. Nf3 d5 2. d4 e6 3. c4 c5 4. cxd5 exd5 5. g3 Nc6 6. Bg2 Nf6 7. O-O Be7 8. Nc3
O-O 9. Bg5 cxd4 10. Nxd4 h6 11. Be3 Re8 12. Rc1 Bf8 13. Qa4 Na5 14. Qb5 a6 15.
Qd3 b5 16. b3 Be6 17. Rfd1 Rc8 18. Nc2 Re7 19. Bd4 Rd7 20. Ne3 Ng4 21. Nexd5
Nc6 22. Bb6 Qg5 23. h4 Qe5 24. e4 Ba3 25. Rb1 f5 26. Qe2 b4 27. f4 Qb8 28. Na4
fxe4 29. Bxe4 h5 30. Bh7+ Kxh7 31. Qxe6 Rd6 32. Qf5+ Kh6 33. Qg5+ Kh7 34. Qxh5+
Nh6 35. Bf2 Re8 36. Ne3 Rg6 37. Rd7 Qxf4 38. Qxg6+ 1-0

[Event "4NCL/Div1/BARB1-WES"]
[Site "Birmingham ENG"]
[Date "2002.??.??"]
[Round "7.4"]
[White "Corkett, Anthony R"]
[Black "Palliser, Richard"]
[Result "1/2-1/2"]
[WhiteElo "2316"]
[BlackElo "2443"]
[PlyCount "120"]
[EventDate "2002.??.??"]

1. e4 c5 2. Nc3 Nc6 3. Bb5 Nd4 4. Bc4 e6 5. Nge2 Ne7 6. Nxd4 cxd4 7. Ne2 Nc6 8.
d3 d5 9. exd5 exd5 10. Bb3 Bd6 11. Bf4 O-O 12. Bxd6 Qxd6 13. Qd2 Bg4 14. O-O
Bxe2 15. Qxe2 a5 16. a4 Rac8 17. Qf3 Nb4 18. Rac1 Rc5 19. Rfe1 Qg6 20. Qe2 h6
21. Rcd1 Rfc8 22. Rd2 Qc6 23. Rc1 Re8 24. Qd1 Qf6 25. Re2 Rec8 26. h3 Qg5 27.
Rb1 h5 28. Qe1 Qd8 29. Qd1 g6 30. Rd2 Kg7 31. Qe2 Qg5 32. Rf1 Qf4 33. g3 Qc7
34. Qf3 Qe5 35. Rc1 Qg5 36. Qe2 R5c6 37. Rcd1 h4 38. Kg2 hxg3 39. fxg3 Re6 40.
Qg4 Qxg4 41. hxg4 Kh6 42. Rf1 f6 43. Rf4 Rec6 44. Kf3 Nxc2 45. Rh2+ Kg7 46.
Bxc2 Rxc2 47. Rxc2 Rxc2 48. Rxd4 Rxb2 49. Rxd5 b6 50. Rd7+ Kh6 51. Rd6 Rb3 52.
Rd5 Rb4 53. Rd6 Rxa4 54. Rxb6 Rd4 55. Ke3 Rxg4 56. Rxf6 Rxg3+ 57. Ke4 Kg5 58.
Ra6 a4 59. d4 a3 60. d5 Rg1 1/2-1/2

[Event "4NCL/Div1/BARB1-WES"]
[Site "Birmingham ENG"]
[Date "2002.??.??"]
[Round "7.5"]
[White "Ferguson, Mark"]
[Black "Yeo, Michael J"]
[Result "1/2-1/2"]
[WhiteElo "2376"]
[BlackElo "2206"]
[PlyCount "105"]
[EventDate "2002.??.??"]

1. e4 e5 2. Nf3 Nf6 3. Nc3 Nc6 4. Bb5 Bc5 5. O-O O-O 6. Nxe5 Nxe5 7. d4 Bd6 8.
f4 Nc6 9. e5 Be7 10. d5 Nb4 11. exf6 Bxf6 12. a3 Bxc3 13. bxc3 Nxd5 14. Qxd5 c6
15. Qd3 cxb5 16. a4 bxa4 17. Rxa4 f5 18. Qd5+ Rf7 19. Be3 Qe8 20. Bf2 Qe6 21.
Qd3 b5 22. Qxb5 a6 23. Qb3 Qxb3 24. cxb3 Re7 25. Rd1 Kf7 {(=)} 26. Rd5 g6 27.
Rb4 Re6 28. h3 a5 29. Rc4 Rc6 30. Rxc6 dxc6 31. Rd8 h5 32. Bc5 Kf6 33. Kf2 g5
34. Rf8+ Kg6 35. Rg8+ Kf7 36. Rf8+ Kg6 37. fxg5 Kxg5 38. Be7+ Kf4 39. Bd6+ Ke4
40. Bc7 Bb7 41. Rxa8 Bxa8 42. Bxa5 f4 43. Bc7 Bb7 44. Bd6 Bc8 45. Ke2 Be6 46.
c4 Bf5 47. h4 Bg4+ 48. Kd2 f3 49. gxf3+ Bxf3 50. Kc3 Kf5 51. Kd4 Ke6 52. Kc5
Kd7 53. Bg3 1/2-1/2

[Event "4NCL/Div1/BARB1-WES"]
[Site "Birmingham ENG"]
[Date "2002.??.??"]
[Round "7.6"]
[White "Simons, Martin J"]
[Black "Collinson, Adam"]
[Result "1/2-1/2"]
[WhiteElo "2230"]
[BlackElo "2391"]
[PlyCount "43"]
[EventDate "2002.??.??"]

1. e4 c5 2. d3 Nc6 3. g3 g6 4. Bg2 Bg7 5. f4 d6 6. Nf3 e6 7. O-O Nge7 8. c3 O-O
9. Be3 b6 10. d4 cxd4 11. cxd4 d5 12. e5 Ba6 13. Re1 Qd7 14. Qd2 Rac8 15. Nc3
Na5 16. b3 Rc7 17. Rac1 Rfc8 {(=)} 18. g4 Nac6 19. Red1 Nb4 20. Ne1 Rc6 21. Bf3
Qc7 22. Nb5 1/2-1/2

[Event "4NCL/Div1/BARB1-WES"]
[Site "Birmingham ENG"]
[Date "2002.??.??"]
[Round "7.7"]
[White "Rogers, Jonathan W"]
[Black "Neil, David R"]
[Result "1-0"]
[WhiteElo "2346"]
[BlackElo "2222"]
[PlyCount "71"]
[EventDate "2002.??.??"]

1. e4 e5 2. Nf3 Nc6 3. Nc3 Nf6 4. Bb5 Bc5 5. O-O O-O 6. Nxe5 Re8 7. Nxc6 dxc6
8. Bc4 Nxe4 9. Bxf7+ Kxf7 10. Nxe4 Bb6 11. d3 Kg8 12. Qh5 Rf8 13. Be3 Bf5 14.
Ng3 Bg6 15. Qg4 Qf6 16. Qc4+ Rf7 17. c3 Re8 18. Rae1 h5 19. Bd4 Qd8 20. Rxe8+
Qxe8 21. Bxb6 axb6 22. Ne4 Kh8 23. f3 Rd7 24. Rd1 Qe5 25. d4 Qf4 26. Qe2 Re7
27. Re1 h4 28. Qe3 Qf5 29. Qf2 Qf4 30. g3 Qf7 31. g4 Kg8 32. Qxh4 Re8 33. Ng5
Rxe1+ 34. Qxe1 Qxa2 35. Qe7 Qd5 36. Ne6 1-0

[Event "4NCL/Div1/BG1-WG2"]
[Site "Birmingham ENG"]
[Date "2002.??.??"]
[Round "7.1"]
[White "Hillarp Persson, Tiger"]
[Black "McShane, Luke J"]
[Result "1-0"]
[WhiteElo "2456"]
[BlackElo "2525"]
[PlyCount "97"]
[EventDate "2002.??.??"]

1. d4 g6 2. e4 Bg7 3. f4 d6 4. Nf3 Bg4 5. c3 Nd7 6. h3 Bxf3 7. Qxf3 c5 8. d5
Ngf6 9. a4 O-O 10. Bc4 Nb6 11. Bb3 c4 12. Bc2 e6 13. dxe6 fxe6 14. O-O d5 15.
e5 Nfd7 16. Qg4 Qe7 17. Nd2 Nc5 18. Nf3 Nbd7 19. Be3 Kh8 20. h4 Rf5 21. Bxc5
Nxc5 22. Nd4 Qf7 23. Rf3 h5 24. Qg3 Bh6 25. Raf1 Rf8 26. Nxf5 gxf5 27. Qf2 b6
28. Rg3 Ne4 29. Bxe4 fxe4 30. Qe2 Qf5 31. Rg5 Bxg5 32. Qxh5+ Kg7 33. Qxg5+ Qxg5
34. hxg5 a6 35. Kh2 b5 36. axb5 axb5 37. g4 Kg6 38. Kg3 b4 39. Rh1 bxc3 40.
bxc3 Kg7 41. Rh6 e3 42. Rh2 Rb8 43. f5 Rb1 44. f6+ Kg6 45. Kf4 e2 46. Rh6+ Kf7
47. g6+ Ke8 48. g7 Kf7 49. Rh8 1-0

[Event "4NCL/Div1/BG1-WG2"]
[Site "Birmingham ENG"]
[Date "2002.??.??"]
[Round "7.2"]
[White "Chandler, Murray G"]
[Black "Turner, Matthew J"]
[Result "0-1"]
[WhiteElo "2543"]
[BlackElo "2502"]
[PlyCount "62"]
[EventDate "2002.??.??"]

1. e4 c5 2. Nf3 g6 3. d4 cxd4 4. Qxd4 Nf6 5. Bb5 a6 6. e5 axb5 7. exf6 Nc6 8.
Qe3 e6 9. Nc3 b4 10. Nb5 Ra5 11. Qd3 d5 12. O-O Qxf6 13. a4 bxa3 14. Bd2 Bb4
15. Bxb4 Nxb4 16. Nd6+ Kd7 17. Qd2 Nc6 18. b4 Ra8 19. Nxf7 Qxf7 20. b5 Qf6 21.
bxc6+ bxc6 22. Rfe1 e5 23. Nxe5+ Kc7 24. Qb4 Bf5 25. Nf7 Rhe8 26. Qf4+ Kd7 27.
Ne5+ Rxe5 28. Rxe5 Re8 29. Rxa3 Qxe5 30. Ra7+ Kc8 31. Ra8+ Kb7 0-1

[Event "4NCL/Div1/BG1-WG2"]
[Site "Birmingham ENG"]
[Date "2002.??.??"]
[Round "7.3"]
[White "Ward, Christopher"]
[Black "Hebden, Mark L"]
[Result "0-1"]
[WhiteElo "2486"]
[BlackElo "2558"]
[PlyCount "76"]
[EventDate "2002.??.??"]

1. d4 Nf6 2. c4 g6 3. f3 Bg7 4. e4 d6 5. Be3 O-O 6. Qd2 c5 7. d5 e6 8. Ne2 exd5
9. cxd5 b5 10. Ng3 b4 11. Bh6 Bxh6 12. Qxh6 Qe7 13. Be2 Ba6 14. Qd2 Bxe2 15.
Qxe2 Re8 16. Nd2 Nbd7 17. Kf2 Nb6 18. Rhe1 Qe5 19. Qd3 Qxb2 20. Kg1 Rac8 21.
Rab1 Qe5 22. Nc4 Nxc4 23. Qxc4 a5 24. Nf1 Nd7 25. Ne3 Qe7 26. Qb5 Ra8 27. Rb2
Reb8 28. Qe2 a4 29. Nc4 Ne5 30. f4 Nxc4 31. Qxc4 Qb7 32. e5 Qa6 33. Rc1 b3 34.
Qxa6 Rxa6 35. a3 Rd8 36. Rd2 Rb6 37. exd6 c4 38. Kf2 c3 0-1

[Event "4NCL/Div1/BG1-WG2"]
[Site "Birmingham ENG"]
[Date "2002.??.??"]
[Round "7.4"]
[White "Flear, Glenn C"]
[Black "Tiller, Bjorn"]
[Result "1-0"]
[WhiteElo "2511"]
[BlackElo "2383"]
[PlyCount "65"]
[EventDate "2002.??.??"]

1. d4 g6 2. c4 Bg7 3. e4 d6 4. Nc3 e5 5. Nf3 Nc6 6. d5 Nce7 7. Be2 f5 8. exf5
Nxf5 9. g4 Nh4 10. Nxh4 Qxh4 11. Ne4 h6 12. c5 Nf6 13. cxd6 Nxe4 14. Qa4+ Bd7
15. Qxe4 O-O 16. Be3 cxd6 17. Qxg6 Rac8 18. O-O Kh8 19. Rac1 Rg8 20. Rxc8 Bxc8
21. f3 e4 22. Qxe4 Be5 23. Rf2 Bd7 24. Bd4 Bxd4 25. Qxd4+ Rg7 26. Qf4 Kg8 27.
Qxd6 h5 28. Qb8+ Kf7 29. Qxb7 Qe7 30. Qxa7 Kg8 31. Qb8+ Kh7 32. Bd3+ Kh6 33.
Qf4+ 1-0

[Event "4NCL/Div1/BG1-WG2"]
[Site "Birmingham ENG"]
[Date "2002.??.??"]
[Round "7.5"]
[White "Hunt, Harriet"]
[Black "Summerscale, Aaron"]
[Result "1/2-1/2"]
[WhiteElo "2411"]
[BlackElo "2503"]
[PlyCount "46"]
[EventDate "2002.??.??"]

1. e4 e6 2. d4 d5 3. Nd2 Nf6 4. e5 Nfd7 5. c3 c5 6. Bd3 Nc6 7. Ne2 Qb6 8. Nf3
cxd4 9. cxd4 f6 10. exf6 Nxf6 11. O-O Bd6 12. b3 O-O 13. Bf4 Bxf4 14. Nxf4 Ne4
15. Ne2 Rxf3 16. gxf3 Ng5 17. Kh1 g6 18. f4 Nf3 19. Ng3 Ncxd4 20. Be2 Nh4 21.
Bg4 Bd7 22. Qd2 Rf8 23. Rad1 Ndf5 1/2-1/2

[Event "4NCL/Div1/BG1-WG2"]
[Site "Birmingham ENG"]
[Date "2002.??.??"]
[Round "7.6"]
[White "Cherniaev, Alexander"]
[Black "Heidenfeld, Mark"]
[Result "1-0"]
[WhiteElo "2472"]
[BlackElo "2370"]
[PlyCount "69"]
[EventDate "2002.??.??"]

1. e4 e6 2. d4 d5 3. e5 c5 4. c3 Qb6 5. Nf3 Bd7 6. a3 Bb5 7. dxc5 Bxc5 8. Bxb5+
Qxb5 9. a4 Qb6 10. b4 Bf8 11. O-O Nd7 12. Na3 a6 13. c4 Ne7 14. Bd2 Qc7 15. Rc1
d4 16. c5 Ng6 17. Nc4 Qc6 18. Qb3 b5 19. cxb6 Qd5 20. Qd3 Ngxe5 21. Nfxe5 Nxe5
22. Nxe5 Qxe5 23. b7 Rd8 24. Qxa6 Bd6 25. Qc6+ Ke7 26. f4 Qe2 27. Rf2 Qd3 28.
a5 Bb8 29. f5 h6 30. b5 Qb3 31. fxe6 fxe6 32. Rcf1 Rhf8 33. Rxf8 Rxf8 34. Rxf8
Kxf8 35. Qf3+ 1-0